000 00618nam a2200217 4500
003 OSt
005 20260601171006.0
008 260513t1990\\\\xxua||||\||||\00|\0\eng\d
040 _aICI
_bspa
_cICI
041 _aspa
050 _aNA6230
_bK66 1990
245 1 _aKnoll Studio :
_bprice list 1990
264 _bNew York
_cKnoll Studio
_a1990
300 _a185 páginas :
_bilustraciones
336 _atexto
_2rdacontent
337 _asin medio
_2rdamedia
338 _avolumen
_2rdacarrier
650 _aDecoración de oficinas
_vCatálogo
_932308
650 _aMuebles de oficina
_vCatálogo
_932309
942 _2lcc
_cB
_n1
999 _c20289
_d20289